000
00221nmm a2200085Ia 4500
008
220120s9999||||xx |||||||||||||||||und||
100
_a
Digit
245
0
_a
Highlight from mobile world congress
260
_a
Nine dot Nine
_c
2014
999
_c
139898
_d
139898